000
00380nam a2200181Ia 4500
008
090124s9999 xx 000 0 und d
082
_b
101406
100
_a
वसंत
245
_a
बहर
250
_a
1
260
_c
1936
300
_a
84
600
_a
वसंत
630
_a
बहर
700
_a
वसंत
730
_a
बहर
942
_c
BOOK
999
_c
147498
_d
147498